000 00627nam a2200205Ia 4500
005 20250923144627.0
008 008 250917s9999 xx 000 0 eng d
037 _aTextual
040 _aDSWL
_beng
_cDSWL
041 _aeng
_2eng
084 _aT32:8451u2.N5, J7
_qDSWL
100 _aAhmed, Mushtaq
_9826776
245 2 _aA survey of reading material for Neo-literates in India
_cby Mushtaq Ahmed
260 _aNew Delhi
_b Jamia Millia University
_c1957
300 _aviii,120p.
365 _aINR
_b2.5
925 _g2.5
942 _cTEXL
_hT32:8451u2.N5, J7
999 _c1441334
_d1441334